Ultimate British Quiz - Statistics

General Stats
  • This quiz has been taken 1,182 times
  • The average score is 15 of 21
Answer Stats
Hint Answer % Correct
Capital of England London
98%
River that runs through London Thames
97%
Capital of Wales Cardiff
92%
Capital of Scotland Edinburgh
91%
Currency Pounds Sterling
91%
Where the Prime Mininster lives Number 10
90%
Capital of Northern Ireland Belfast
87%
Englands national animal Lion
77%
Wales national animal Dragon
76%
English channel separates Britain and France
75%
Highest Mountain Ben Nevis Scotland
74%
Famous circle of rocks Stone Henge
73%
Famous Author Poet and Playwriter William shakespeare
72%
Longest river Severn
63%
Leader of the Monarchy Queen Elizabeth the 2nd
62%
Located in Which Ocean Atlantic
61%
What is Big Ben The Bell
59%
Scotlands national animal Unicorn
59%
Police nicknames Bobbies
43%
Largest Royal Home in the World Windsor Castle
39%
Group of the former colonies is nown as the Commonwealth
38%
No matching quizzes found
Score Distribution
Percent of People with Each Score
Percentile by Number Answered
Your Score History
You have not taken this quiz